Nghiên cứu điều kiện sinh khí hậu phục vụ hoạt động du lịch biển-đảo khu vực Hà Tiên- Kiên Lương tỉnh Kiên Giang : Báo cáo tổng kết đề tài nghiên cứu Khoa học của sinh viên
Đề tài đánh giá khả năng thích nghi của con người với điều kiện sinh khí hậu của vùng, xây dựng bộ chỉ tiêu thích nghi của con người dưới tác động của biến đổi khí hậu.
Αποθηκεύτηκε σε:
| Κύριος συγγραφέας: | |
|---|---|
| Μορφή: | Βιβλίο |
| Γλώσσα: | Undetermined |
| Έκδοση: |
Cần Thơ
Trường Đại học Cần Thơ
2013
|
| Θέματα: | |
| Ετικέτες: |
Προσθήκη ετικέτας
Δεν υπάρχουν, Καταχωρήστε ετικέτα πρώτοι!
|
| Thư viện lưu trữ: | Trung tâm Học liệu Trường Đại học Cần Thơ |
|---|
| LEADER | 01198nam a2200229Ia 4500 | ||
|---|---|---|---|
| 001 | CTU_204469 | ||
| 008 | 210402s9999 xx 000 0 und d | ||
| 082 | |a 577.5 | ||
| 082 | |b N300 | ||
| 088 | |a TSV2013-21 | ||
| 100 | |a Nguyễn, Hồng Ni | ||
| 245 | 0 | |a Nghiên cứu điều kiện sinh khí hậu phục vụ hoạt động du lịch biển-đảo khu vực Hà Tiên- Kiên Lương tỉnh Kiên Giang : | |
| 245 | 0 | |b Báo cáo tổng kết đề tài nghiên cứu Khoa học của sinh viên | |
| 245 | 0 | |c Nguyễn Hồng Ni (Chủ nhiệm đề tài) ; Lê Thành Nghề (Cán bộ hướng dẫn) | |
| 260 | |a Cần Thơ | ||
| 260 | |b Trường Đại học Cần Thơ | ||
| 260 | |c 2013 | ||
| 520 | |a Đề tài đánh giá khả năng thích nghi của con người với điều kiện sinh khí hậu của vùng, xây dựng bộ chỉ tiêu thích nghi của con người dưới tác động của biến đổi khí hậu. | ||
| 650 | |a Ecology,Sinh thái học | ||
| 904 | |i Hải | ||
| 915 | |a SP | ||
| 980 | |a Trung tâm Học liệu Trường Đại học Cần Thơ | ||